| 000 | 00465nam a2200193Ia 4500 | ||
|---|---|---|---|
| 003 | LK-CoDNM | ||
| 005 | 20240426095807.0 | ||
| 008 | 010623t1950 xxu||||| |||| 00| 1 sin d | ||
| 040 |
_aLK-CoDNM _dLK-CoDNM _eLK-CoDNM |
||
| 041 | _asin | ||
| 080 | _aජ102 | ||
| 100 | _aRajaguru,D.B | ||
| 245 | _aසේවය | ||
| 246 | _aSewaya | ||
| 260 |
_bA.P.Banda,H.M.Herath _aKandy _c1950 |
||
| 300 | _b43P.,ill.,24 cm | ||
| 650 | _aSinhaleese Grammer | ||
| 942 | _cBK | ||
| 999 |
_c102074 _d102074 |
||